15 najpotężniejszych państw świata - Statystyki

Ogólne statystyki
  • Ten quiz został rozwiązany 809 razy
  • Średni wynik to 13 z 15
Statystyki odpowiedzi
Odpowiedź % Poprawnych
azja chiny
99%
europa rosja
98%
ameryka Północna usa
98%
europa francja
97%
europa niemcy
97%
azja japonia
92%
europa wielka brytania
92%
ameryka Południowa brazylia
91%
azja indie
88%
europa wlochy
87%
afryka egipt
81%
azja korea poludniowa
80%
bliski wschód iran
78%
bliski wschód turcja
72%
azja,oceania indonezja
71%
Nie znaleziono quizów pasujących do podanych kryteriów
Rozkład punktacji
Procent ludzi z każdym wynikiem
Percentyl według liczby udzielonych odpowiedzi
Twoja historia wyników
Nie rozwiązałeś tego quizu